Nuevas tecnologías de las información y de la comunicación en la enseñanza /
Los textos compilados en esta obra reflexionan sobre la manera de insertar adecuadamente en la educación, en el marco de la cultura latinoamericana, las nuevas tecnologías de la comunicación y de la información. Este cambio debe garantizar una educación de mayor calidad, a la vez que una adecuación...
Sábháilte in:
| Údar corparáideach: | |
|---|---|
| Rannpháirtithe: | |
| Formáid: | Imeacht comhdhála LEABHAR |
| Teanga: | Spáinnis |
| Foilsithe / Cruthaithe: |
Buenos Aires, Argentina :
Aique,
1998, c1998
|
| Eagrán: | 2a edición |
| Sraith: | (Transformación)
|
| Ábhair: | |
| Clibeanna: |
Níl clibeanna ann, Bí ar an gcéad duine le clib a chur leis an taifead seo!
|
MARC
| LEADER | 00000nam^a2200000^a^4500 | ||
|---|---|---|---|
| 001 | 000154107 | ||
| 005 | 20250521000000.0 | ||
| 009 | 20260310100343.758 | ||
| 020 | |a 950-701-390-3 | ||
| 037 | |a Acervo ITESO - Biblioteca | ||
| 041 | |a ESP | ||
| 082 | |a 371. 334 |b CUR 1996 | ||
| 111 | |a Curso Internacional de Nuevas Tecnologías de la Información y la Comunicación ( |n 1o : |d 1996 : |c Argentina) | ||
| 245 | 1 | 0 | |a Nuevas tecnologías de las información y de la comunicación en la enseñanza / |c Comp. de B. Fainholc. |
| 250 | |a 2a edición | ||
| 264 | 4 | |a Buenos Aires, Argentina : |b Aique, |c 1998, c1998 | |
| 300 | |a 101 p. | ||
| 336 | |a texto |b txt |2 rdacontenido | ||
| 337 | |a sin mediación |b n |2 rdamedio | ||
| 338 | |a volumen |b nc |2 rdasoporte | ||
| 440 | 1 | |a (Transformación) | |
| 520 | |a Los textos compilados en esta obra reflexionan sobre la manera de insertar adecuadamente en la educación, en el marco de la cultura latinoamericana, las nuevas tecnologías de la comunicación y de la información. Este cambio debe garantizar una educación de mayor calidad, a la vez que una adecuación a los cambios sociales de un mundo globalizado. | ||
| 649 | |a XX | ||
| 650 | |a Calidad de la Educación | ||
| 650 | |a Globalización | ||
| 650 | |a Internet | ||
| 650 | |a Computadoras en la Educación | ||
| 650 | |a Redes de Computadoras | ||
| 650 | |a Telecomunicaciones | ||
| 650 | |a Tecnologías de Comunicación e Información | ||
| 650 | |a Apoyos Didácticos | ||
| 650 | |a Didáctica | ||
| 650 | |a Metodología Educativa | ||
| 650 | |a Proceso Educativo | ||
| 650 | |a Tecnología Educativa | ||
| 650 | |a Tecnología y Sociedad | ||
| 650 | |a Educación a Distancia | ||
| 650 | |a Sociología de la Educación | ||
| 650 | |a Sociología de la Comunicación | ||
| 700 | |a Fainholc, Beatriz |e (compilación) | ||
| 910 | |a Fondo General | ||
| 920 | |a Impresos - Libros | ||
| 930 | |a Colección General | ||
| 905 | |a 101 | ||
| 901 | |a 0500086019 |b IT1 |c ACC |u 20250521 | ||
| 902 | |a https://opac.biblio.iteso.mx/vufind/Record/000154107 | ||